zpět

Detail výsledku týmu

Základna U Pata, Milovice

Datum a čas kvízu

28.5 Celkem bodů Celkový počet nahraných bodů na tomto kvízu bez doplňovacích otázek.
8. Pořadí na kvízu Konečné umístění týmu na tomto kvízu.

Zaznamenané odpovědi

# Otázka Odpověď Body Výsledky
1. Portréty prvních dam jsou oblí... o Livii Klausové 1
2. Donald Trump daroval členům sv... boty 1
3. V poslanecké sněmovně proběhl... v (lidovém) kroji 1
4. Minulý týden jste se mohli doč... D 1
5. V závěrečné fázi Ligy mistrů U... Antonín Kinský; Tottenham (Hotspur FC) 0
6. Nejrozšířenějším „národním spo... D 0
7. Za národní sport lze považovat... národní házená (česká házená) 0
8. Podle anglické Wikipedie exist... o Kanadě 1
9. U uzákoněných národních sportů... polo; basketbal 0.5
10. I medailové úspěchy z olympijs... D 1